श्री ब्रह्मचैतन्य गोंदवलेकर महाराज चरित्र - वाङ्मय (Record no. 449213)

MARC details
000 -LEADER
fixed length control field 00794nam a2200145Ia 4500
008 - FIXED-LENGTH DATA ELEMENTS--GENERAL INFORMATION
fixed length control field 100204s9999 xx 000 0 und d
082 ## - DEWEY DECIMAL CLASSIFICATION NUMBER
Item number 4469
100 ## - MAIN ENTRY--PERSONAL NAME
Personal name बेलसरे के. वि.
245 ## - TITLE STATEMENT
Title श्री ब्रह्मचैतन्य गोंदवलेकर महाराज चरित्र - वाङ्मय
260 ## - PUBLICATION, DISTRIBUTION, ETC. (IMPRINT)
Name of publisher, distributor, etc बुकसेलर्स पब्लिशिंग कं. मुंबई
Date of publication, distribution, etc 1976 5
300 ## - PHYSICAL DESCRIPTION
Extent 7+456
630 ## - SUBJECT ADDED ENTRY--UNIFORM TITLE
Uniform title श्री ब्रह्मचैतन्य गोंदवलेकर महाराज चरित्र - वाङ्मय
730 ## - ADDED ENTRY--UNIFORM TITLE
Uniform title श्री ब्रह्मचैतन्य गोंदवलेकर महाराज चरित्र - वाङ्मय
942 ## - ADDED ENTRY ELEMENTS (KOHA)
Koha item type Book
Holdings
Withdrawn status Lost status Damaged status Not for loan Home library Current library Date acquired Cost, normal purchase price Total Checkouts Full call number Barcode Date last seen Cost, replacement price Price effective from Koha item type
        N. C. Kelkar Sarvajanik Library, Mulund N. C. Kelkar Sarvajanik Library, Mulund 02/04/2010 20.00   4469 NCKMULUND-4469 02/04/2010 20.00 02/04/2010 Book